NFL Teams and Their Divisions - Statistics

General Stats
  • This quiz has been taken 234 times
  • The average score is 29 of 32
Answer Stats
Hint Answer % Correct
Jets AFC E
98%
Eagles NFC E
95%
Bengals AFC N
94%
Giants NFC E
94%
Commanders NFC E
94%
Vikings NFC N
94%
Lions NFC N
94%
Cardinals NFC W
94%
Dolphins AFC E
93%
Bills AFC E
93%
Raiders AFC W
93%
Broncos AFC W
93%
Chargers AFC W
93%
Bucaneers NFC S
93%
Patriots AFC E
92%
Texans AFC S
92%
Cowboys NFC E
92%
Packers NFC N
92%
Seahawks NFC W
92%
Browns AFC N
91%
Steelers AFC N
91%
Ravens AFC N
91%
Colts AFC S
91%
Titans AFC S
91%
Chiefs AFC W
91%
Bears NFC N
91%
Rams NFC W
91%
49ers NFC W
91%
Panthers NFC S
90%
Jaguars AFC S
88%
Falcons NFC S
88%
Saints NFC S
88%
No matching quizzes found
Score Distribution
Percent of People with Each Score
Percentile by Number Answered
Your Score History
You have not taken this quiz